000 00784nam a2200229 a 4500
001 000008181
005 20200929154454.0
008 090915s1988 dr a r 000 0 spa d
040 _aDO-SdBNP
_bspa
_cBNPHU
082 _a641.597293
_bH519m, 1988
100 1 _aHenríquez de Pou, Silvia
_922190
245 1 0 _aMujer 2000 :
_b852 nuevas recetas de cocina /
_cSilvia Henríquez de Pou.
246 1 0 _aOchocientas cincuenta y dos nuevas recetas de cocina
250 _a9a. ed.
260 _aSanto Domingo :
_bAmigo del Hogar,
_c1988.
300 _av. :
_bil. ;
_c23 cm.
500 _aLa biblioteca posee el volumen 2
590 _aInventariado, 2018/BT
650 4 _aCocina dominicana
_9192
650 4 _aPreparación de alimentos
_9193
910 _aValidado. Control de calidad. MMOLINA
999 _c7956
_d7956